|
|
|
|
| LEADER |
00943nam a2200277 a 4500 |
| 001 |
6114 |
| 003 |
BD-DhAAL |
| 005 |
20151121090514.0 |
| 008 |
151121s1999 nyu 000 1 eng |
| 010 |
|
|
|a 99031444
|
| 020 |
|
|
|a 0446608653
|
| 020 |
|
|
|a 0446519804
|
| 040 |
|
|
|a DLC
|c DLC
|d DLC
|d BD-DhAAL
|
| 050 |
0 |
0 |
|a PS3552.R718
|b A79 1999
|
| 082 |
0 |
0 |
|a 813/.54
|2 21
|
| 100 |
1 |
|
|a Brown, Sandra,
|d 1948-
|9 16399
|
| 245 |
1 |
4 |
|a The alibi /
|c Sandra Brown.
|
| 260 |
|
|
|a New York, NY :
|b Warner Books,
|c c1999.
|
| 300 |
|
|
|a 564 p. ;
|c 18 cm.
|
| 650 |
|
0 |
|a Public prosecutors
|v Fiction.
|9 6218
|
| 650 |
|
0 |
|a Trials (Murder)
|v Fiction.
|9 6853
|
| 655 |
|
7 |
|a Detective and mystery stories.
|2 gsafd
|9 6854
|
| 655 |
|
7 |
|a Legal stories.
|2 gsafd
|9 16400
|
| 942 |
|
|
|2 ddc
|c BK
|
| 999 |
|
|
|c 36255
|d 36255
|
| 952 |
|
|
|0 0
|1 0
|2 ddc
|4 0
|6 813_000000000000000__54_BRO
|7 0
|9 56994
|a SCL
|b SCL
|c GEN
|d 2015-11-21
|e Gift:
|l 8
|m 39
|o 813.54 BRO
|p 3020006114
|r 2025-04-27
|s 2025-04-19
|t 1
|w 2015-11-21
|y BK
|